ბათუმის შოთა რუსთაველის სახელმწიფო უნივერსიტეტის ბიბლიოთეკა

საზოგადოებრივი ჯანდაცვა და მენეჯმენტი : (ბიბ.ჩანაწერი № 57382)

000 -ლიდერი
ფიქსირებული სიგრძის საკონტროლო ველი 01255nam a22002417a 4500
003 - საკონტროლო ნომრის იდენტიფიკატორი
საკონტროლო ველი Ge_BSU
005 - ბოლო ოპერაციის თარიღი და დრო
საკონტროლო ველი 20200615105857.0
008 - ფიქსირებული სიგრძის მონაცემთა ელემენტები - ზოგადი ინფორმაცია
ფიქსირებული სიგრძის საკონტროლო ველი 200615s2019 ge ||||| |||| 00| 0 geo d
020 ## - წიგნის საერთაშორისო სტანდარტული ნომერი
International Standard Book Number 9789941044366
041 ## - ენის კოდი
Language code of text/sound track or separate title geo
080 ## - უნივერსალური ათობითი კლასიფიკაციის ინდექსი
Universal Decimal Classification number 614.2 (075.5) გ-35
100 ## - მთავარი ჩანაწერი - პიროვნების სახელი
Personal name გერზმავა, ოთარ.
9 (RLIN) 8385
245 ## - ცნობა სათაურის შესახებ
Title საზოგადოებრივი ჯანდაცვა და მენეჯმენტი :
Remainder of title სახელმძღვ. სტუდენტებისა და ექიმებისათვის /
Statement of responsibility, etc ოთარ გერზმავა ; რედ. ჯანგირ მამალაძე.
250 ## - გამოცემის ცნობა
Edition statement მეხუთე შესწორებული და განახლებული გამ-მა
264 ## - წარმოების, გამოცემის, დისტრიბუციის და სხვა ცნობები
გამოცემის, წარმოების, დისტრიბუციის... ადგილი თბ.,
გამოცემის, წარმოების, დისტრიბუციის... თარიღი 2012.
300 ## - ფიზიკური აღწერა
Extent 576 გვ.
Other physical details 30 სმ.
504 ## - BIBLIOGRAPHY, ETC. NOTE
Bibliography, etc ბიბლიოგრ. თავების ბოლოს
653 ## - INDEX TERM--UNCONTROLLED
Uncontrolled term მედიცინა
653 ## - INDEX TERM--UNCONTROLLED
Uncontrolled term ჯანმრთელობის დაცვა
653 ## - INDEX TERM--UNCONTROLLED
Uncontrolled term ჯანმრთელობის დაცვის მენეჯმენტი
700 ## - ADDED ENTRY--PERSONAL NAME
Personal name მამალაძე, ჯანგირ
Relator term რედაქტორი
9 (RLIN) 8386
942 ## - ADDED ENTRY ELEMENTS (KOHA)
Source of classification or shelving scheme
Koha item type წიგნი
ეგზემპლარები
ჩამოწერის სტატუსი დაკარგული ეგზემპლარის სტატუსი კლასიფიკაციის წყარო ან თაროზე გაწყობის სქემა დაზიანების სტატუსი არ გაიცემა მუდმივი მდებარეობა (დაცვის ადგილი) ამჟამინდელი ადგილსამყოფელი თაროზე განთავსების ადგილი შეძენის თარიღი ღირებულება, შესყიდვის ნორმალური ფასი სრული შენახვის შიფრი შტრიხკოდი ბოლო ოპერაციის თარიღი ეგზემპლარის მიმდევრობითი ნომერი (კეტერი?) ფასის ძალაში შესვლის თარიღი ეგზემპლარის სახეობა საჯარო შენიშვნა
          ბათუმის შოთა რუსთაველის სახელმწიფო უნივერსიტეტის მთავარი ბიბლიოთეკა ბათუმის შოთა რუსთაველის სახელმწიფო უნივერსიტეტის მთავარი ბიბლიოთეკა წიგნსაცავი 2020-06-15 25.00 614.2 (075.5) გ-35 29195 2020-06-15 29195 2020-06-15 წიგნი 25 ლ.